Statistics for Brooklyn Nets Quiz

Click here to take the quiz!

General Stats

  • This quiz has been taken 35 times
  • The average score is 17 of 30

Answer Stats

Answer% Correct
Eastern
97%
2
87%
Black
87%
5
84%
New Jersey
84%
White
84%
New York
81%
Atlantic
81%
Brooklyn, New York
77%
3
74%
Julius Erving
71%
Jason Kidd
65%
32
65%
1967
61%
23
58%
52
58%
Barclays Center
58%
25
55%
Buck Williams
48%
Kenny Atkinson
35%
Dražen Petrović
32%
Sean Marks
29%
Infor
23%
Joseph Tsai
23%
Long Island Nets
19%
John Williamson
16%
Bill Melchionni
16%
Mikhail Prokhorov
13%
Maureen Hanlon
3%

Score Distribution

Percentile by Number Answered

Percent of People with Each Score

Your Score History

You have not taken this quiz